বরেন্দ্র অঞ্চলে মুসলিম ইতিহাস-ঐতিহ্য / (Record no. 152)
[ view plain ]
| 000 -LEADER | |
|---|---|
| fixed length control field | 00891nam a2200229 a 4500 |
| 001 - CONTROL NUMBER | |
| control field | 152 |
| 003 - CONTROL NUMBER IDENTIFIER | |
| rucl marc code | BD-RjUL |
| 005 - DATE AND TIME OF LATEST TRANSACTION | |
| control field | 20211208233125.0 |
| 008 - FIXED-LENGTH DATA ELEMENTS--GENERAL INFORMATION | |
| fixed length control field | 131109s2002 bg | |||| 00| 0 ben d |
| 020 ## - INTERNATIONAL STANDARD BOOK NUMBER | |
| International Standard Book Number | 9844583896: |
| Terms of availability | Tk. 100.00 |
| 035 ## - SYSTEM CONTROL NUMBER | |
| System control number | (BD-RjUL)165 |
| 040 ## - CATALOGING SOURCE | |
| Original cataloging agency | BD-RjUL |
| Language of cataloging | ben |
| Transcribing agency | BD-RjUL |
| 041 ## - LANGUAGE CODE | |
| Language code of text/sound track or separate title | ben |
| 082 #4 - DEWEY DECIMAL CLASSIFICATION NUMBER | |
| Edition number | 23 |
| Classification number | 954.924 |
| Author mark and year | ALV 2002 |
| 100 10 - MAIN ENTRY--PERSONAL NAME | |
| Personal name | আলী, এ কে এম ইয়াকুব |
| 9 (RLIN) | 492 |
| 245 00 - TITLE STATEMENT | |
| Title | বরেন্দ্র অঞ্চলে মুসলিম ইতিহাস-ঐতিহ্য / |
| Statement of responsibility, etc. | এ কে এম ইয়াকুব আলী |
| 260 ## - PUBLICATION, DISTRIBUTION, ETC. (IMPRINT) | |
| Place of publication, distribution, etc. | ঢাকা : |
| Name of publisher, distributor, etc. | সময় প্রকাশন, |
| Date of publication, distribution, etc. | ২০০২. |
| 300 ## - PHYSICAL DESCRIPTION | |
| Pagination | ১৫৭পৃ.: |
| Illustrations | চিত্র ; |
| Size | ১৮ সেমি. |
| 650 ## - SUBJECT ADDED ENTRY--TOPICAL TERM | |
| Topical term or geographic name as entry element | মুসলিম ইতিহাস |
| Geographic subdivision | বাংলাদেশ |
| 9 (RLIN) | 494 |
| Topical term or geographic name as entry element | Muslim History |
| Geographic subdivision | Bangladesh |
| 9 (RLIN) | 493 |
| 942 ## - ADDED ENTRY ELEMENTS (KOHA) | |
| Source of classification or shelving scheme | Dewey Decimal Classification |
| Koha item type | Books |
| Lost status | Source of classification or shelving scheme | Damaged status | Not for loan | Collection code | Permanent Location | Current Location | Shelving location | Date acquired | Source of acquisition | Cost, normal purchase price | Total Checkouts | Full call number | Date last seen | Copy number | Koha item type | Total Renewals | Date checked out |
|---|---|---|---|---|---|---|---|---|---|---|---|---|---|---|---|---|---|
| Dewey Decimal Classification | Non-fiction | Central Library, University of Rajshahi | Central Library, University of Rajshahi | 21/05/2003 | Author | 100.00 | B 954.924 ALV 2002 | 09/11/2013 | C-4 | Books | |||||||
| Dewey Decimal Classification | Non-fiction | Central Library, University of Rajshahi | Central Library, University of Rajshahi | 21/05/2003 | Author, ,Dep.of Islamic Histry and culture,RU | 100.00 | B 954.924 ALV 2002 | 09/11/2013 | C-5 | Books | |||||||
| Dewey Decimal Classification | Non-fiction | Central Library, University of Rajshahi | Central Library, University of Rajshahi | 21/05/2003 | Author, Dep.of Islamic Histry and culture,RU | 100.00 | 4 | B 954.924 ALV 2002 | 30/04/2014 | C-6 | Books | 2 | 21/01/2014 | ||||
| Dewey Decimal Classification | Non-fiction | Central Library, University of Rajshahi | Central Library, University of Rajshahi | 21/05/2003 | Author, Dep.of Islamic Histry and culture,RU | 100.00 | 2 | B 954.924 ALV 2002 | 23/05/2022 | C-7 | Books | 22/05/2022 | |||||
| Dewey Decimal Classification | Non-fiction | Central Library, University of Rajshahi | Central Library, University of Rajshahi | 21/05/2003 | Author, Dep.of Islamic Histry and culture,RU | 100.00 | B 954.924 ALV 2002 | 09/11/2013 | C-8 | Books | |||||||
| Dewey Decimal Classification | Non-fiction | Central Library, University of Rajshahi | Central Library, University of Rajshahi | 21/05/2003 | Author, ,Dep.of Islamic Histry and culture,RU | 100.00 | B 954.924 ALV 2002 | 09/11/2013 | C-9 | Books | |||||||
| Dewey Decimal Classification | Non-fiction | Central Library, University of Rajshahi | Central Library, University of Rajshahi | 21/05/2003 | Author, ,Dep.of Islamic Histry and culture,RU | 100.00 | 1 | B 954.924 ALV 2002 | 02/11/2017 | C-10 | Books | 21/09/2017 | |||||
| Dewey Decimal Classification | Not For Loan | Non-fiction | Central Library, University of Rajshahi | Central Library, University of Rajshahi | Reading Room | 21/05/2003 | Author, Dep.of Islamic Histry and culture,RU | 100.00 | B 954.924 ALV 2002 | 04/04/2017 | C-1 | Books |